LEADER 00959nam a2200277 i 4500 001 991000393019707536 005 20020503175954.0 008 940517s1959 us eng 020 $a0471758345 035 $ab10070953-39ule_inst 035 $aLE02515203$9ExL 040 $aFac. Economia$bita 082 0 $a519.5352 100 1 $aScheffé, Henri$0460375 245 14$aThe analysis of variance /$cHenri Scheffé 260 $aNew York :$bWiley,$cc1959 300 $axvi, 477 p. ;$c25 cm 490 0 $aWiley series in probability and mathematical statistics 650 4$aAnalisi della varianza 650 4$aStatistica matematica 907 $a.b10070953$b17-02-17$c27-06-02 912 $a991000393019707536 945 $aLE025 ECO 519.5 SCH02.01$g1$i2025000021419$lle025$o-$pE0.00$q-$rl$s- $t0$u1$v0$w1$x0$y.i10079968$z27-06-02 996 $aAnalysis of variance$9194912 997 $aUNISALENTO 998 $ale025$b01-01-94$cm$da $e-$feng$gus $h4$i1 LEADER 04345nam 22008655 450 001 996309057503316 005 20231110212455.0 010 $a3-11-042348-0 024 7 $a10.1515/9783110426953 035 $a(CKB)4100000002260354 035 $a(DE-B1597)451606 035 $a(OCoLC)1013957440 035 $a(DE-B1597)9783110426953 035 $a(MiAaPQ)EBC5507663 035 $a(Au-PeEL)EBL5507663 035 $a(oapen)https://directory.doabooks.org/handle/20.500.12854/52848 035 $a(PPN)221104275 035 $a(EXLCZ)994100000002260354 100 $a20190723d2017 fg 101 0 $aeng 135 $aur||||||||||| 181 $ctxt$2rdacontent 182 $cc$2rdamedia 183 $acr$2rdacarrier 200 10$aMaterial Aspects of Letter Writing in the Graeco-Roman World $ec. 500 BC - c. AD 300 /$fAntonia Sarri 210 $cDe Gruyter$d2018 210 1$aBerlin ;$aBoston : $cDe Gruyter, $d[2017] 210 4$d©2018 215 $a1 online resource (396 p.) 225 0 $aMateriale Textkulturen ;$v12 311 $a3-11-042695-1 311 $a3-11-042694-3 327 $tFrontmatter -- $tAcknowledgements -- $tContents -- $tPreface -- $t1. The Development of the Ancient Letter -- $t2. Evidence -- $t3. Format and Layout -- $t4. Authentication -- $tAppendices -- $tAppendix I: Letters in Archives -- $tAppendix II: Dimensions of Letters -- $tAppendix III: Letters with Handshifts -- $tBibliography -- $tIndex 330 $aLetter writing was widespread in the Graeco-Roman world, as indicated by the large number of surviving letters and their extensive coverage of all social categories. Despite a large amount of work that has been done on the topic of ancient epistolography, material and formatting conventions have remained underexplored, mainly due to the difficulty of accessing images of letters in the past. Thanks to the increasing availability of digital images and the appearance of more detailed and sophisticated editions, we are now in a position to study such aspects. This book examines the development of letter writing conventions from the archaic to Roman times, and is based on a wide corpus of letters that survive on their original material substrates. The bulk of the material is from Egypt, but the study takes account of comparative evidence from other regions of the Graeco-Roman world. Through analysis of developments in the use of letters, variations in formatting conventions, layout and authentication patterns according to the sociocultural background and communicational needs of writers, this book sheds light on changing trends in epistolary practice in Graeco-Roman society over a period of roughly eight hundred years. This book will appeal to scholars of Epistolography, Papyrology, Palaeography, Classics, Cultural History of the Graeco-Roman World. 410 0$aMateriale Textkulturen 606 $aBriefe 606 $aEpistolografie 606 $aEpistolography 606 $aGraeco-Roman Egypt 606 $aGriechisch-Römisches Ägypten 606 $aLetters 606 $aPapyrus 606 $apapyrus 606 $3(DE-601)104675365$3(DE-588)4008240-4$aBrief$2gnd 606 $3(DE-601)105195634$3(DE-588)4197552-2$aKonvention$2gnd 606 $3(DE-601)105826847$3(DE-588)4113791-7$aGriechisch$2gnd 606 $3(DE-601)106204971$3(DE-588)4044571-9$aPapyrus$2gnd 606 $aHISTORY / Ancient / General$2bisacsh 610 $aEpistolography. 610 $aGraeco-Roman Egypt. 610 $aLetters. 610 $apapyrus. 615 4$aBriefe. 615 4$aEpistolografie. 615 4$aEpistolography. 615 4$aGraeco-Roman Egypt. 615 4$aGriechisch-Römisches Ägypten. 615 4$aLetters. 615 4$aPapyrus. 615 4$apapyrus. 615 7$aBrief 615 7$aKonvention 615 7$aGriechisch 615 7$aPapyrus 615 7$aHISTORY / Ancient / General. 676 $a930 686 $aAM 45200$2rvk 700 $aSarri$b Antonia, $0962080 712 02$aDeutsche Forschungsgemeinschaft$4fnd$4http://id.loc.gov/vocabulary/relators/fnd 801 0$bDE-B1597 801 1$bDE-B1597 906 $aBOOK 912 $a996309057503316 996 $aMaterial Aspects of Letter Writing in the Graeco-Roman World$92181309 997 $aUNISA LEADER 01720nam 2200553Ia 450 001 9910789984803321 005 20230725031321.0 010 $a1-4384-3795-1 010 $a1-4416-9234-7 035 $a(CKB)2670000000091752 035 $a(OCoLC)719450922 035 $a(CaPaEBR)ebrary10574101 035 $a(SSID)ssj0000467833 035 $a(PQKBManifestationID)11272108 035 $a(PQKBTitleCode)TC0000467833 035 $a(PQKBWorkID)10498103 035 $a(PQKB)10077867 035 $a(MiAaPQ)EBC3407239 035 $a(MdBmJHUP)muse1765 035 $a(Au-PeEL)EBL3407239 035 $a(CaPaEBR)ebr10574101 035 $a(EXLCZ)992670000000091752 100 $a20101202d2011 uy 0 101 0 $aeng 135 $aurcn||||||||| 181 $ctxt 182 $cc 183 $acr 200 00$aCommunication with extraterrestrial intelligence$b[electronic resource] /$fedited by Douglas A. Vakoch 210 $aAlbany $cState University of New York Press$dc2011 215 $a1 online resource (522 p.) 225 1 $aSUNY scholarly conferences 300 $aBibliographic Level Mode of Issuance: Monograph 311 $a1-4384-3793-5 320 $aIncludes bibliographical references and index. 410 0$aSUNY scholarly conferences. 606 $aInterstellar communication 606 $aLife on other planets 615 0$aInterstellar communication. 615 0$aLife on other planets. 676 $a576.8/39 701 $aVakoch$b Douglas A$01130016 801 0$bMiAaPQ 801 1$bMiAaPQ 801 2$bMiAaPQ 906 $aBOOK 912 $a9910789984803321 996 $aCommunication with extraterrestrial intelligence$93706292 997 $aUNINA